[Event "Titled Tuesday intern op 11th Mar Late"]
[Site "Chess.com INT"]
[Date "2025.03.11"]
[Round "1"]
[White "Boyer, Mahel"]
[Black "Talghader, John"]
[Result "1-0"]
[WhiteElo "2529"]
[BlackElo "1965"]
[PlyCount "71"]
[EventDate "2025.03.11"]
[EventType "swiss (blitz)"]
[EventRounds "11"]
[EventCountry "USA"]
[SourceTitle "CB12_2025"]
[SourceDate "2025.03.19"]
[SourceVersion "1"]
[SourceVersionDate "2025.03.19"]
[SourceQuality "1"]

1. Nf3 c5 2. e4 e6 3. g3 Nc6 4. Bg2 d5 5. exd5 exd5 6. 0-0 Be7 7. d4 cxd4 8. Nxd4 Nf6 9. h3 0-0 10. Be3 Re8 11. c3 h6 12. Nd2 a6 13. Re1 Qc7 14. a4 Nxd4 15. Bxd4 Bf5 16. Qb3 Qd7 17. Kh2 Be6 18. a5 Rac8 19. Re2 Ne4 20. Rae1 f5 21. Nf3 Bd6 22. Qd1 Qc7 23. Bb6 Qf7 24. Kg1 g5 25. Nd4 Bd7 26. Qd3 Re7 27. Qf3 Rce8 28. g4 f4 29. Qd3 h5 30. Bf3 hxg4 31. hxg4 Qg6 32. Kg2 Rh7 33. Rxe4 dxe4 34. Bxe4 Rxe4 35. Qxe4 Qxe4+ 36. Rxe4 1-0